000 01228ngm a22003250a 4500
001 PT27969
003 AR-LpoUNG
005 20210202000411.0
007 vd cvaizq
008 191001s1990||||||||||||||||||||||||fre d
040 _aAR-LpoUNG
_bspa
_cAR-LpoUNG
_eaacr
041 _afre
044 _a|||
082 0 _a320.53 831nur v2
100 1 _aRossif, Frédéric
_edir.
245 1 0 _aDe Nuremberg a Nuremberg
260 _as.l. :
_bs.n.,
_c[1990].
300 _aDVD : son., byn
505 0 _aDiálogos en francés, subtítulos en castellano.
520 _aDocumental histórico que gira en torno a los juicios del final de la Segunda Guerra Mundial. Montado a partir del material de archivo, se explica con rigor y sencillez el período comprendido entre 1935 y 1946. Es decir, desde que Hitler alcanza el poder absoluto en Alemania hasta los jucios de Nuremberg, en los que, tras el fin de la Segunda Guerra Mundial, se juzga de crímenes contra la humanidad a destacados dirigentes nazis.
650 4 _aDERECHOS HUMANOS
651 4 _aDinamarca
653 _aCINE Y TOTALITARISMO
653 _aDOCUMENTALES
653 _aDVD
653 _aNAZISMO
653 _aVIDEOS
905 _a27969
942 _cDVD
999 _c54796
_d54796